City logistika

Guardado en:
Detalles Bibliográficos
Autor principal: Mervart, Michal
Otros Autores: Rathouský, Bedřich, Kolář, Petr
Formato: Libro
Lenguaje:checo
Publicado: Praha Wolters Kluwer ČR 2021
Edición:1. vydání
Materias:
Etiquetas: Agregar Etiqueta
Sin Etiquetas, Sea el primero en etiquetar este registro!

MARC

LEADER 00000nam a2200000 4500
001 0300420
005 20240910115005.6
020 |a 978-80-7676-212-1 
041 0 |a cze 
044 |a CZ 
245 1 0 |a City logistika  |c Michal Mervart ... [et al.] 
250 |a 1. vydání 
264 1 |a Praha  |b Wolters Kluwer ČR  |c 2021 
300 |a 115 s. 
610 2 0 |a logistika 
610 2 0 |a logistika distribučná 
610 2 0 |a doprava osobná 
610 2 0 |a doprava nákladná 
610 2 0 |a ochrana prostredia životného 
610 2 0 |a služby kuriérske 
610 2 0 |a služby logistické 
100 1 |a Mervart, Michal 
700 1 |a Rathouský, Bedřich 
700 1 |a Kolář, Petr